000 00505nam a2200181Ia 4500
001 14035
005 20260306164845.0
008 260306t2006||||xx |||||||||||||| ||spa||
041 _aESP
082 _a006.3
_bA64
100 _aSierra Araujo, Basilio
_eAUT
245 0 _aAprendizaje automático:
_bconceptos básicos y avanzados: aspectos prácticos utilizando el software WEKA
260 _c2006
300 _a512 páginas :
_c25 cm.
650 _aGEN
654 _aCCC
942 _cLIB
_dJUS
_fJUS
_2ddc
_n
999 _c14035
_d14035